01873cam a22004334i 4500003000900000005001700009008004100026020001800067035002700085040003300112082002100145100002700166245006400193264005000257300002800307336002100335337002500356338002300381490002900404505071700433526001001150526001001160526001001170526001001180526000801190526000801198526000801206526000801214526000801222526000801230526000801238541001701246600001501263650002601278700003601304700003501340700003901375700002501414PE-LiUPU20250731173424.0150706s r 000 0 d a9781616385330 a(Sirsi) i9781616385330 aPE-LiUPUbspacPE-LiUPUerda04a234.131bP512211 aPhillips, Ron,eautor.14aUna guía esencial para el don de sanidad /cRon Phillips. 1aLake Mary, Florida :bCasa Creación,c2012. a120 páginas ;c18 cm. atext2rdacontent aunmediated2rdamedia avolume2rdacarrier0 aEseñanza básica ;v30 aLa santidad y la vida abundante -- La santidad y el misterio de la enfermedad -- La santidad en el antiguo testamento -- Jesús el sanador - Jesús sanó por la Palabra -- Jesús sanó por la fe -- Jesús sanó a liberar servicio -- Jesús sanó para restaurar la vida -- Jesús sanó por la fe de otros -- Jesús sanó mediante la liberación -- Jesús sanó a los desesperados -- Jesús sanó al persistente -- Jesús sanó para revelar el propósito de de Dios -- Jesús sanó a sus enemigos - El Ministerio de Sanidad en el cuerpo de Cristo hoy -- Sanidad mediante la Comunión - Seis dimensiones de sanidad -- Sanidad en los últimos días -- ¿Quiere usted ser sanado?. aSEG42 aSEG41 aSEG40 aSEG39 aP94 aP87 aP86 aP85 aP77 aP76 aP35 g001-0000607;1 aJesucristo14aCuración por la fe.1 aPérez, María Mercedes,etr.1 aLópez, María Bettina,etr.1 aFabbri Rojas, María del C.,eed.1 aJohnson, bill,edir.